Riconosci la Bandiera sbagliata - Quiz n°16 - Statistics

Statistiche generali
  • Questo quiz è stato fatto 33 volte
  • Il punteggio medio è 7 su 8
Statistiche sulle risposte
Domanda Risposta % Corretto
Qual è la bandiera sbagliata?
100%
Qual è la bandiera sbagliata?
100%
Qual è la bandiera sbagliata?
100%
Qual è la bandiera sbagliata?
100%
Qual è la bandiera sbagliata?
90%
Qual è la bandiera sbagliata?
90%
Qual è la bandiera sbagliata?
60%
Qual è la bandiera sbagliata?
40%
Nessun quiz corrispondente trovato
Distribuzione punteggi
Percentuale di utenti per punteggio
Percentile per numero di risposta
I tuoi punteggi nel tempo
Non hai fatto questo quiz